[Event "TCh-CHN 2016"]
[Site "China CHN"]
[Date "2016.06.25"]
[Round "7.4"]
[Board "4"]
[White "Ni, Shiqun"]
[Black "Ding, Yixin"]
[Result "1-0"]
[WhiteTitle "WGM"]
[BlackTitle "WGM"]
[WhiteElo "2363"]
[BlackElo "2426"]
[WhiteTeam "Tianjing"]
[BlackTeam "Zhejiang"]
[WhiteFideId "8608466"]
[BlackFideId "8602972"]
[EventDate "2016.04.12"]

1. e4 c5 2. Nf3 d6 3. d4 cxd4 4. Nxd4 Nf6 5. Nc3 Nc6 6. Bg5 e6 7. Qd2 Bd7 8. f3
a6 9. O-O-O Be7 10. h4 b5 11. Nxc6 Bxc6 12. Bxf6 gxf6 13. Ne2 Qb6 14. Nd4 Bb7
15. Qh6 O-O-O 16. Qg7 d5 17. Qxf7 dxe4 18. Qxe7 Rxd4 19. Be2 Rhd8 20. Qxf6 Rxd1+
21. Rxd1 Qe3+ 22. Kb1 Rxd1+ 23. Bxd1 Kb8 24. fxe4 Bxe4 25. Qf1 Qd2 26. g3 Ka7
27. a3 Kb6 28. g4 Kc6 29. g5 a5 30. a4 bxa4 31. Qc4+ Kd6 32. Qxe4 Qxd1+ 33. Ka2
Qh5 34. Qd4+ Ke7 35. Qxa4 Qe2 36. c3 Qe5 37. Qd4 Qb5 38. Qe4 Kd6 39. b3 Qf1 40.
Qxh7 Qf2+ 41. Ka3 Qc5+ 42. Ka4 Qxc3 43. Qe4 Qd2 44. Kb5 Qc3 45. Qc4 Qe5+ 46. Kb6
Qe1 47. Qc5+ Kd7 48. h5 Qd1 49. Qb5+ Ke7 50. h6 Qd8+ 51. Ka7 Qd4+ 52. Qb6 Qd3
53. h7 1-0

[Event "TCh-CHN 2016"]
[Site "China CHN"]
[Date "2016.06.25"]
[Round "7.4"]
[Board "5"]
[White "Khotenashvili, Bela"]
[Black "Qiu, Mengjie"]
[Result "1/2-1/2"]
[WhiteTitle "GM"]
[BlackTitle "WFM"]
[WhiteElo "2493"]
[BlackElo "2207"]
[WhiteTeam "Tianjing"]
[BlackTeam "Zhejiang"]
[WhiteFideId "13602640"]
[BlackFideId "8606137"]
[EventDate "2016.04.12"]

1. Nf3 Nf6 2. d4 e6 3. Bf4 d5 4. e3 Bd6 5. Bg3 b6 6. Nbd2 O-O 7. Bd3 Ba6 8. Bxa6
Nxa6 9. c3 Bxg3 10. hxg3 c5 11. Ne5 cxd4 12. exd4 Nc7 13. Qf3 h6 14. g4 Nh7 15.
Qe3 Qe8 16. O-O-O f6 17. Nd3 Nb5 18. Rde1 Rc8 19. Kb1 Kf7 20. Nf4 Nc7 21. Qd3
Kg8 22. Ng6 Rf7 23. f4 Qa4 24. Nf3 Qc4 25. Qxc4 dxc4 26. f5 Re8 27. fxe6 Rxe6
28. Rxe6 Nxe6 29. Re1 Nc7 30. Ne7+ Kf8 31. Nc8 Ne8 32. Nh4 Rc7 33. Ne7 g5 34.
Nhf5 Ng7 35. d5 Rd7 36. d6 h5 37. gxh5 Nxh5 38. g4 Ng7 39. Re4 Ne8 40. Rd4 Nxd6
41. Nxd6 Kxe7 42. Nf5+ Ke6 43. Re4+ Kf7 44. Rxc4 Nf8 45. Rc6 Ng6 46. Nd6+ Ke7
47. Nf5+ Kf7 48. Nd6+ Ke7 49. Nf5+ Kf7 50. Nd6+ 1/2-1/2

[Event "TCh-CHN 2016"]
[Site "China CHN"]
[Date "2016.06.25"]
[Round "7.5"]
[Board "1"]
[White "Zhao, Yuanhe"]
[Black "Xu, Jun"]
[Result "1/2-1/2"]
[BlackTitle "GM"]
[WhiteElo "2313"]
[BlackElo "2527"]
[WhiteTeam "Chengdu"]
[BlackTeam "Jiangsu"]
[WhiteFideId "8609497"]
[BlackFideId "8600031"]
[EventDate "2016.04.12"]

1. d4 Nf6 2. c4 e6 3. g3 c5 4. Nf3 cxd4 5. Nxd4 d5 6. Bg2 e5 7. Nb3 d4 8. O-O a5
9. f4 Nc6 10. fxe5 Nxe5 11. Qxd4 Qxd4+ 12. Nxd4 Bc5 13. e3 Nxc4 14. b3 Nd6 15.
Ba3 Bxa3 16. Nxa3 O-O 17. Rac1 Re8 18. Nab5 Nxb5 19. Nxb5 Rxe3 20. Nd6 Be6 21.
Nxb7 h5 22. Rfe1 Rxe1+ 23. Rxe1 Ra7 24. Nd8 Bd7 25. Nc6 Bxc6 26. Bxc6 Rc7 27.
Bf3 Rc3 28. Kg2 Kf8 29. Re5 Rc2+ 30. Re2 Rc3 31. Bb7 Nd7 32. Ba6 f6 33. Kf2 Ne5
34. Ke1 Rc6 35. Bb7 Rc7 36. Be4 Ke7 37. Rd2 Rc3 38. Kd1 h4 39. Rc2 Re3 40. Re2
Rc3 41. Rc2 Re3 42. Re2 Rc3 43. Kd2 Rc8 44. Ke3 hxg3 45. hxg3 Rc3+ 46. Kf2 Ng4+
47. Kg2 Kd6 48. Rd2+ Kc7 49. Kh3 Re3 50. Kxg4 Rxe4+ 51. Kf5 Re5+ 52. Kf4 Kc6 53.
g4 g5+ 54. Kf3 Kc5 55. Rd8 Kb4 56. Rd6 f5 57. gxf5 Rxf5+ 58. Kg4 Re5 59. Rd4+
Kc3 60. Rc4+ Kb2 61. Ra4 Rb5 62. Kg3 Kc3 63. Rc4+ Kb2 64. Ra4 Rf5 65. b4 1/2-1/2

[Event "TCh-CHN 2016"]
[Site "China CHN"]
[Date "2016.06.25"]
[Round "7.5"]
[Board "2"]
[White "Liu, Guanchu"]
[Black "Lin, Chen"]
[Result "1/2-1/2"]
[WhiteTitle "IM"]
[BlackTitle "GM"]
[WhiteElo "2366"]
[BlackElo "2526"]
[WhiteTeam "Chengdu"]
[BlackTeam "Jiangsu"]
[WhiteFideId "8603901"]
[BlackFideId "8602298"]
[EventDate "2016.04.12"]

1. e4 e5 2. Nf3 Nc6 3. Nc3 Nf6 4. Bb5 Bb4 5. O-O O-O 6. d3 d6 7. Ne2 Ne7 8. c3
Ba5 9. Ng3 Ng6 10. d4 c6 11. Bd3 Re8 12. Be3 h6 13. h3 Be6 14. Re1 Qc7 15. a4 a6
16. Qc2 b5 17. Rac1 c5 18. d5 Bd7 19. Nd2 c4 20. Bf1 Bb6 21. Bxb6 Qxb6 22. Ra1
Nf4 23. b3 cxb3 24. Qxb3 Qc5 25. axb5 axb5 26. Qb4 Qc7 27. c4 Ra4 28. Qb2 bxc4
29. Rxa4 c3 30. Rc4 Qxc4 31. Nxc4 cxb2 32. Nxb2 Rb8 33. Nc4 Ne8 34. Ra1 g6 35.
Ne2 Nxe2+ 36. Bxe2 Kf8 37. f3 Bb5 38. Ra2 Bxc4 39. Bxc4 Rb7 40. Ra8 Ke7 41. Ba6
Rb1+ 42. Kh2 Ra1 43. Bb7 Rxa8 44. Bxa8 f5 45. exf5 gxf5 46. g4 Kf6 47. Bc6 Nc7
48. gxf5 Kxf5 49. Kg3 Na6 50. h4 Nb4 51. Bb7 Nc2 52. Bc6 Nb4 53. Bb7 Nd3 54.
Bc8+ Kf6 55. Bb7 Nf4 56. Bc6 h5 57. Kf2 Ke7 58. Kg3 Kd8 59. Kf2 Kc7 60. Be8 Kd8
61. Bc6 Ng6 62. Bb5 Ne7 63. f4 exf4 64. Kf3 Ng6 65. Ke4 Nxh4 66. Kxf4 Ng2+ 67.
Kg3 Ne3 68. Kh4 Nxd5 1/2-1/2

[Event "TCh-CHN 2016"]
[Site "China CHN"]
[Date "2016.06.25"]
[Round "7.5"]
[Board "3"]
[White "Li, Di"]
[Black "Yu, Ruiyuan"]
[Result "1-0"]
[WhiteTitle "FM"]
[BlackTitle "GM"]
[WhiteElo "2420"]
[BlackElo "2516"]
[WhiteTeam "Chengdu"]
[BlackTeam "Jiangsu"]
[WhiteFideId "8607508"]
[BlackFideId "8603090"]
[EventDate "2016.04.12"]

1. c4 c6 2. Nf3 d5 3. e3 Nf6 4. Nc3 e6 5. b3 Nbd7 6. Bb2 Bd6 7. Be2 O-O 8. Qc2
Qe7 9. Rg1 e5 10. g4 dxc4 11. bxc4 Nc5 12. g5 Nfd7 13. d4 exd4 14. exd4 Ne6 15.
c5 Bc7 16. O-O-O Nxg5 17. Nxg5 Bf4+ 18. Kb1 Bxg5 19. Ne4 Bh6 20. d5 cxd5 21.
Rxd5 f6 22. Rh5 Kh8 23. f4 Re8 24. Ng5 Nf8 25. Bc4 Bxg5 26. fxg5 Qxc5 27. Qc1
Ne6 28. gxf6 Qxh5 29. Rxg7 Nd4 30. Bxd4 Bf5+ 31. Ka1 Qh4 32. Bb2 1-0

[Event "TCh-CHN 2016"]
[Site "China CHN"]
[Date "2016.06.25"]
[Round "7.5"]
[Board "4"]
[White "Guo, Qi"]
[Black "Ren, Xiaoyi"]
[Result "0-1"]
[WhiteTitle "IM"]
[WhiteElo "2436"]
[BlackElo "2157"]
[WhiteTeam "Jiangsu"]
[BlackTeam "Chengdu"]
[WhiteFideId "8604002"]
[BlackFideId "8608709"]
[EventDate "2016.04.12"]

1. d4 g6 2. e4 Bg7 3. c4 d6 4. Nc3 Nc6 5. Be3 e5 6. d5 Nce7 7. c5 f5 8. Bb5+ Bd7
9. Bxd7+ Qxd7 10. Qb3 Nf6 11. Nf3 Nxe4 12. Nxe4 fxe4 13. Ng5 h6 14. Ne6 Kf7 15.
Qxb7 Nxd5 16. Nxg7 Nxe3 17. fxe3 d5 18. Rd1 Rhd8 19. c6 Qd6 20. Nh5 gxh5 21.
O-O+ Kg8 22. Qa6 Rab8 23. Rd2 Rf8 24. Rfd1 Qc5 25. Qe2 Rbd8 26. Rc2 Qb6 27. h3
Rf5 28. Kh2 a6 29. Qe1 Rd6 30. Rdc1 Qb8 31. Qa5 Qc8 32. Rc5 Qd8 33. R1c2 h4 34.
Qe1 Qf6 35. Qe2 Qg5 36. Qg4 Qxg4 37. hxg4 Rf1 38. Rd2 d4 39. Rxe5 Rxc6 40. g5
Rcc1 41. Kh3 d3 42. Rxe4 Rcd1 43. Rxd1 Rxd1 44. Rd4 hxg5 45. Kg4 d2 46. b4 h3
47. Kg3 Kf7 48. Kh2 g4 49. a4 c6 50. Rd7+ Ke6 51. Rd4 Ke5 52. a5 Ke6 53. Rd8 Kf5
54. Rd4 Ke5 55. Rd8 Ke4 56. Rd6 Kxe3 57. Re6+ Kf4 58. g3+ Kf5 59. Rd6 Rb1 60.
Rxd2 Rxb4 61. Rc2 Rb5 62. Rxc6 Rxa5 63. Rc2 Ra3 64. Rc5+ Ke6 65. Rc4 Ra2+ 66.
Kh1 Kf5 67. Rf4+ Kg5 68. Rc4 a5 69. Rc5+ Kf6 70. Rc4 Kf5 71. Rc5+ Ke4 72. Rc4+
Ke3 73. Rxg4 Kf3 74. Rg8 a4 75. Rg7 a3 76. Ra7 Kxg3 77. Rg7+ Kf4 78. Ra7 Ke4 79.
Ra8 Kd4 80. Rd8+ Kc3 81. Ra8 Kb3 82. Rb8+ Kc2 83. Rc8+ Kb1 84. Ra8 Ra1 85. Kh2
Ka2 86. Kxh3 Rc1 87. Kg2 Rc3 88. Rb8 Rb3 89. Rf8 Ka1 90. Rf1+ Rb1 91. Rf8 a2 92.
Kf2 Kb2 0-1

[Event "TCh-CHN 2016"]
[Site "China CHN"]
[Date "2016.06.25"]
[Round "7.5"]
[Board "5"]
[White "Yuan, Ye"]
[Black "Li, Yunshan"]
[Result "1/2-1/2"]
[BlackTitle "WFM"]
[WhiteElo "2212"]
[BlackElo "2024"]
[WhiteTeam "Jiangsu"]
[BlackTeam "Chengdu"]
[WhiteFideId "8608415"]
[BlackFideId "8607664"]
[EventDate "2016.04.12"]

1. d4 Nf6 2. c4 g6 3. Nc3 d5 4. cxd5 Nxd5 5. e4 Nxc3 6. bxc3 Bg7 7. Nf3 c5 8.
Rb1 O-O 9. Be2 Nc6 10. d5 Ne5 11. Nxe5 Bxe5 12. Qd2 e6 13. f4 Bg7 14. c4 exd5
15. cxd5 Bd4 16. Bb2 Qb6 17. Bd3 c4 18. Bxc4 Re8 19. Qxd4 Qxd4 20. Bxd4 Rxe4+
21. Kd2 Rxd4+ 22. Kc3 Rxf4 23. d6 Be6 24. Bxe6 fxe6 25. Rxb7 Rf7 26. Rxf7 Kxf7
27. Kd4 Rc8 28. Rb1 Rc2 29. Rb7+ Ke8 30. Rxa7 Rxg2 31. Rxh7 Rxa2 32. Ke5 Re2+
33. Kf6 g5 34. h3 Re3 35. Kxg5 Rd3 36. Kf6 Rxd6 37. h4 e5+ 38. Kxe5 Ra6 39. h5
Kf8 40. Rb7 Rh6 41. Ke4 1/2-1/2

[Event "TCh-CHN 2016"]
[Site "China CHN"]
[Date "2016.06.25"]
[Round "7.6"]
[Board "1"]
[White "Wen, Yang"]
[Black "Inarkiev, Ernesto"]
[Result "0-1"]
[WhiteTitle "GM"]
[BlackTitle "GM"]
[WhiteElo "2614"]
[BlackElo "2729"]
[WhiteTeam "Shandong"]
[BlackTeam "Qingdao"]
[WhiteFideId "8602956"]
[BlackFideId "4162722"]
[EventDate "2016.04.12"]

1. d4 Nf6 2. Nf3 b6 3. Bg5 e6 4. e4 h6 5. Bxf6 Qxf6 6. Bd3 Bb7 7. c3 Nc6 8. Nbd2
g5 9. O-O h5 10. Qe2 g4 11. Ne1 e5 12. d5 Ne7 13. a4 a5 14. g3 h4 15. Ng2 Ng6
16. Ne3 Bc5 17. Nf5 hxg3 18. hxg3 Qg5 19. Kg2 O-O-O 20. Rh1 Rh3 21. Rxh3 Nf4+
22. gxf4 gxh3+ 23. Kf1 h2 24. Qf3 Qg1+ 25. Ke2 Qxa1 26. Ng3 exf4 27. Ngf1 Rh8
28. Qh1 Kb8 0-1

[Event "TCh-CHN 2016"]
[Site "China CHN"]
[Date "2016.06.25"]
[Round "7.6"]
[Board "3"]
[White "Bu, Xiangzhi"]
[Black "Mu, Ke"]
[Result "1-0"]
[WhiteTitle "GM"]
[WhiteElo "2719"]
[BlackElo "2418"]
[WhiteTeam "Shandong"]
[BlackTeam "Qingdao"]
[WhiteFideId "8601445"]
[BlackFideId "8602778"]
[EventDate "2016.04.12"]

1. Nf3 Nf6 2. c4 c6 3. d4 d5 4. Nc3 e6 5. e3 Nbd7 6. Qc2 Bd6 7. Be2 O-O 8. O-O
dxc4 9. Bxc4 b5 10. Be2 Bb7 11. e4 e5 12. dxe5 Nxe5 13. Nd4 Neg4 14. g3 Bc5 15.
Nf5 Qb6 16. Bxg4 Nxg4 17. Qe2 Ne5 18. Bf4 Ng6 19. Bd6 Rfe8 20. Rad1 Bc8 21. b4
Bxd6 22. Nxd6 Re7 23. Nxc8 Rxc8 24. Rd6 Re6 25. Rfd1 Ne5 26. Nd5 Qb7 27. Ne3 Qc7
28. R6d4 Ng6 29. Nf5 Rce8 30. Rd7 Qb8 31. Qb2 Qe5 32. Qb3 Rf8 33. f3 a6 34. Qc2
h6 35. Kg2 Qf6 36. f4 Ne7 37. Nd4 g5 38. e5 Qg7 39. Rxe7 1-0

[Event "TCh-CHN 2016"]
[Site "China CHN"]
[Date "2016.06.25"]
[Round "7.6"]
[Board "4"]
[White "Javakhishvili, Lela"]
[Black "Zhai, Mo"]
[Result "0-1"]
[WhiteTitle "IM"]
[BlackTitle "WGM"]
[WhiteElo "2497"]
[BlackElo "2371"]
[WhiteTeam "Qingdao"]
[BlackTeam "Shandong"]
[WhiteFideId "13601458"]
[BlackFideId "8600201"]
[EventDate "2016.04.12"]

1. d4 Nf6 2. c4 e6 3. g3 Bb4+ 4. Bd2 a5 5. Bg2 d6 6. e4 O-O 7. Ne2 e5 8. O-O
exd4 9. Nxd4 Bg4 10. Qc2 Bc5 11. Bc3 Re8 12. h3 Bd7 13. Nb3 Bb4 14. N1d2 Nc6 15.
Bxb4 Nxb4 16. Qc3 Nc6 17. Rad1 a4 18. Nc1 Qb8 19. g4 Qa7 20. Kh1 Qa5 21. Qxa5
Rxa5 22. f4 a3 23. b3 Nb4 24. g5 Nh5 25. Kh2 f6 26. h4 Nc2 27. Nd3 Ne3 28. Bf3
Bg4 29. Bxg4 Nxg4+ 30. Kh3 Ne3 31. Rde1 Nxf1 32. Rxf1 f5 33. b4 Ra4 34. Kg2 fxe4
35. Re1 b5 36. cxb5 d5 37. f5 Rf8 38. Ne5 Rxb4 39. Nb3 Nf4+ 40. Kg3 Nd3 41. Nxd3
exd3 42. Rd1 Rxb3 43. axb3 a2 44. Kf3 Re8 0-1

[Event "TCh-CHN 2016"]
[Site "China CHN"]
[Date "2016.06.25"]
[Round "7.6"]
[Board "5"]
[White "Yao, Lan"]
[Black "Chu, Ruotong"]
[Result "1/2-1/2"]
[WhiteElo "2132"]
[BlackElo "2078"]
[WhiteTeam "Qingdao"]
[BlackTeam "Shandong"]
[WhiteFideId "8610835"]
[BlackFideId "8605653"]
[EventDate "2016.04.12"]

1. e4 e5 2. Nf3 Nf6 3. Nxe5 d6 4. Nf3 Nxe4 5. Nc3 Nxc3 6. dxc3 Be7 7. Be3 Nc6 8.
Qd2 Be6 9. O-O-O Qd7 10. Kb1 Bf6 11. Nd4 Nxd4 12. Bxd4 Bxd4 13. Qxd4 O-O 14. h4
Qc6 15. h5 h6 16. Be2 Qc5 17. Qf4 Rae8 18. Bd3 Qe5 19. Qh4 Bf5 20. f4 Qd5 21.
Qf2 Bxd3 22. Rxd3 Qe4 23. a3 b6 24. Rdd1 Qe3 25. Qh4 Qe7 26. Qf2 Qe3 27. Qh4 Qe7
28. Qf2 1/2-1/2

[Event "TCh-CHN 2016"]
[Site "China CHN"]
[Date "2016.07.23"]
[Round "8.1"]
[Board "1"]
[White "Li, Shilong"]
[Black "Wang, Tongsen"]
[Result "1/2-1/2"]
[WhiteTitle "GM"]
[WhiteElo "2514"]
[BlackElo "2296"]
[WhiteTeam "Guangdong"]
[BlackTeam "Qingdao"]
[WhiteFideId "8600678"]
[BlackFideId "8608067"]
[EventDate "2016.04.12"]

1. d4 d5 2. c4 c6 3. Nf3 Nf6 4. Nc3 e6 5. g3 dxc4 6. Ne5 b5 7. Bg2 Nd5 8. O-O
Bb7 9. a4 a6 10. e4 Nf6 11. d5 cxd5 12. exd5 Nxd5 13. axb5 axb5 14. Rxa8 Bxa8
15. Qh5 g6 16. Nxg6 fxg6 17. Qe5 Nxc3 18. Bxa8 Ne2+ 19. Qxe2 Kf7 20. Re1 Qf6 21.
Bd2 Bd6 22. Bc3 e5 23. Bd5+ Kg7 24. f4 b4 25. Bxe5 Bxe5 26. fxe5 Qb6+ 27. Kg2 c3
28. Rf1 Qd4 29. Rd1 Qc5 30. bxc3 bxc3 31. e6 Nc6 32. Kh3 c2 33. Bxc6 Qf5+ 34.
Kg2 cxd1=Q 35. Qxd1 Qxe6 36. Qd4+ Qf6 37. Qd7+ Kh6 38. Qh3+ Kg7 39. Qd7+ Kh6 1/2-1/2

[Event "TCh-CHN 2016"]
[Site "China CHN"]
[Date "2016.07.23"]
[Round "8.1"]
[Board "2"]
[White "Zeng, Chongsheng"]
[Black "Mu, Ke"]
[Result "1/2-1/2"]
[WhiteTitle "GM"]
[WhiteElo "2549"]
[BlackElo "2418"]
[WhiteTeam "Guangdong"]
[BlackTeam "Qingdao"]
[WhiteFideId "8603847"]
[BlackFideId "8602778"]
[EventDate "2016.04.12"]

1. e4 e5 2. d4 exd4 3. Qxd4 Nc6 4. Qe3 g6 5. Nc3 Bg7 6. Bd2 d6 7. O-O-O Nf6 8.
f3 O-O 9. Qg5 Be6 10. Nge2 Bc4 11. Qh4 b5 12. Nf4 Ne5 13. Nd3 Bxd3 14. cxd3 b4
15. Nd5 Nxd5 16. Qxd8 Rfxd8 17. exd5 Rab8 18. Bg5 Re8 19. d4 Nd7 20. Bc4 h6 21.
Bh4 Nb6 22. Bb5 Re3 23. Bf2 Nxd5 24. Bc4 c6 25. Bxd5 Re2 26. Rd2 Rxd2 27. Kxd2
cxd5 28. Rc1 a5 29. Rc6 a4 30. Kd3 b3 31. a3 Bf6 32. Be1 Bg5 33. h4 Re8 34. Bf2
Be7 35. g3 h5 36. Be3 Ra8 37. Kc3 Rb8 38. Bd2 Kf8 39. Kd3 Ra8 40. Rb6 Ke8 41.
Rb5 Kd7 42. Rxd5 Ke6 43. Rb5 d5 44. Rb6+ Kd7 45. Rb7+ Ke6 46. Bb4 Bxb4 47. Rxb4
Ra7 48. Rb6+ Ke7 49. Rb5 Kd6 50. Rb6+ Ke7 51. Rc6 Kd7 52. Rf6 Ke7 53. Rc6 Kd7
54. Rc5 Kd6 55. g4 f6 56. gxh5 gxh5 57. Rc8 Rg7 58. Rh8 Rg3 59. Kc3 Rxf3+ 60.
Kb4 Rf2 61. Kxa4 Rxb2 62. Rxh5 Rd2 63. Kxb3 Rxd4 64. Rh8 Kc5 65. h5 Rd3+ 66. Kb2
Rd2+ 67. Kc3 Rh2 68. h6 d4+ 69. Kb3 Rh3+ 70. Ka4 Kc4 71. h7 Kd3 72. Kb4 f5 73.
a4 f4 74. a5 f3 75. a6 f2 76. Rf8 Rxh7 77. Rxf2 Ke3 78. Rf6 d3 79. Re6+ Kd2 80.
Rg6 Rc7 81. Kb5 Ke2 82. Kb6 Rh7 83. Re6+ Kf2 1/2-1/2

[Event "TCh-CHN 2016"]
[Site "China CHN"]
[Date "2016.07.23"]
[Round "8.1"]
[Board "4"]
[White "Yao, Lan"]
[Black "Liu, Manli"]
[Result "1/2-1/2"]
[WhiteElo "2132"]
[BlackElo "2015"]
[WhiteTeam "Qingdao"]
[BlackTeam "Guangdong"]
[WhiteFideId "8610835"]
[BlackFideId "8608121"]
[EventDate "2016.04.12"]

1. e4 c5 2. Nf3 Nc6 3. d4 cxd4 4. Nxd4 g6 5. Nc3 Bg7 6. Be3 Nf6 7. Nxc6 bxc6 8.
e5 Ng8 9. f4 f6 10. Bd4 Qa5 11. exf6 Nxf6 12. Be2 O-O 13. O-O d6 14. Bf3 Bd7 15.
Qe2 Rf7 16. Rfd1 Rb8 17. Rab1 Ne8 18. Bxg7 Nxg7 19. g3 Nf5 20. Rd3 e5 21. fxe5
Re8 22. Qd2 Qxe5 23. Ne4 d5 24. Nc5 Bc8 25. Bg2 Qe7 26. b4 Nd6 27. Rf3 Rxf3 28.
Bxf3 Nc4 29. Qf2 Rf8 30. Qe2 Ne5 31. Bg2 Bg4 32. Qe1 Qf6 33. Kh1 Qf5 34. Qc3 Bh3
35. Qd2 Nc4 36. Qe2 Bxg2+ 37. Kxg2 Qxc2 38. Qxc2 Ne3+ 39. Kh3 Nxc2 40. Rb2 Nd4
41. Rd2 Nf3 42. Rd3 h5 43. Re3 d4 44. Re7 Rf7 45. Re8+ Kh7 46. Rc8 Rf6 47. Rc7+
Kh6 48. Rxa7 Ne1 49. Re7 Nc2 50. Nd3 Ne3 51. Ne5 g5 52. g4 hxg4+ 53. Nxg4+ Nxg4
54. Kxg4 Rd6 55. Re2 d3 56. Rd2 Rd4+ 57. Kf3 Rxb4 58. Rxd3 Rb2 59. Rd6+ Kh5 60.
Rxc6 Rxa2 61. Ke4 1/2-1/2

[Event "TCh-CHN 2016"]
[Site "China CHN"]
[Date "2016.07.23"]
[Round "8.1"]
[Board "5"]
[White "Hong, Xing"]
[Black "Li, Xueyi"]
[Result "1/2-1/2"]
[WhiteElo "1986"]
[BlackElo "2112"]
[WhiteTeam "Qingdao"]
[BlackTeam "Guangdong"]
[WhiteFideId "8606129"]
[BlackFideId "8605912"]
[EventDate "2016.04.12"]

1. c4 c6 2. Nc3 d5 3. d4 Nf6 4. Nf3 e6 5. e3 Nbd7 6. Qc2 Bd6 7. Bd3 dxc4 8. Bxc4
b5 9. Bd3 Bb7 10. O-O O-O 11. a3 Rc8 12. b4 a5 13. Qb3 e5 14. Ne4 Nxe4 15. Bxe4
g6 16. dxe5 Nxe5 17. Nxe5 Bxe5 18. Bb2 a4 19. Qc2 Bxb2 20. Qxb2 Qe7 21. Qc2 Rfe8
22. Bf3 c5 23. Bxb7 Qxb7 24. bxc5 Qc6 25. Rfc1 Re5 26. Rab1 Rxc5 27. Qxc5 Qxc5
28. Rxc5 Rxc5 29. Kf1 Kf8 30. Ke2 Ke7 31. Kd2 Kd6 32. Rb4 Rg5 33. g3 Kc5 34. Rd4
Rf5 35. Ke2 g5 36. h3 h5 37. g4 hxg4 38. Rxg4 Rd5 39. h4 gxh4 40. Rxh4 Kc6 41.
Rf4 f5 42. Rb4 Kc5 43. Rf4 Kc6 44. Rb4 Kc5 45. Rf4 1/2-1/2

[Event "TCh-CHN 2016"]
[Site "China CHN"]
[Date "2016.07.23"]
[Round "8.6"]
[Board "1"]
[White "Zvjaginsev, Vadim"]
[Black "Ni, Hua"]
[Result "1/2-1/2"]
[WhiteTitle "GM"]
[BlackTitle "GM"]
[WhiteElo "2677"]
[BlackElo "2681"]
[WhiteTeam "Chongqing"]
[BlackTeam "Shanghai"]
[WhiteFideId "4113403"]
[BlackFideId "8601160"]
[EventDate "2016.04.12"]

1. e4 e5 2. Nc3 Nf6 3. Bc4 Nxe4 4. Qh5 Nd6 5. Qxe5+ Qe7 6. Qxe7+ Bxe7 7. Bb3 Nf5
8. Nf3 c6 9. O-O d5 10. Re1 Na6 11. d4 Nc7 12. Ne2 O-O 13. c3 Bd6 14. Bc2 Re8
15. g3 f6 16. Bf4 Bxf4 17. Nxf4 Bd7 18. h4 Nd6 19. Nd2 Bf5 20. Bxf5 Nxf5 21. Nb3
Kf7 22. Na5 Nd6 23. f3 Ne6 24. Nxe6 Rxe6 25. Kf2 h5 26. Rxe6 Kxe6 27. Nb3 Kf7
28. Nc5 Re8 29. Nd3 Nf5 30. Rd1 g6 1/2-1/2

[Event "TCh-CHN 2016"]
[Site "China CHN"]
[Date "2016.07.23"]
[Round "8.6"]
[Board "2"]
[White "Zhou, Weiqi"]
[Black "Harikrishna, P."]
[Result "1/2-1/2"]
[WhiteTitle "GM"]
[BlackTitle "GM"]
[WhiteElo "2635"]
[BlackElo "2755"]
[WhiteTeam "Chongqing"]
[BlackTeam "Shanghai"]
[WhiteFideId "8601674"]
[BlackFideId "5007003"]
[EventDate "2016.04.12"]

1. d4 Nf6 2. c4 e6 3. Nc3 Bb4 4. Nf3 b6 5. e3 Bb7 6. Bd3 O-O 7. O-O c5 8. Bd2
cxd4 9. exd4 d5 10. cxd5 Nxd5 11. Qe2 Nd7 12. Rac1 Bd6 13. Ba6 Bxa6 14. Qxa6
Nxc3 15. Rxc3 h6 16. Rfc1 Nf6 17. Rc4 Nd5 18. Qb7 Qb8 19. Qxb8 Rfxb8 20. Ne5 Rd8
21. h4 h5 22. g3 f6 23. Nd3 Kf7 24. Kg2 Rd7 25. Rc8 Rxc8 26. Rxc8 Ne7 27. Ra8
Nc6 28. Be3 Bc7 29. Nc1 Bb8 30. a4 Rb7 31. Nd3 a5 32. Bf4 Bxf4 33. Nxf4 Nxd4 34.
Nxh5 e5 35. g4 Ne6 36. Ng3 Rd7 37. h5 Rd4 38. Ra7+ Kg8 39. Re7 Ng5 40. f3 Rd2+
41. Kf1 Nxf3 42. Nf5 Nh2+ 43. Ke1 Nf3+ 44. Kf1 Nh2+ 1/2-1/2

[Event "TCh-CHN 2016"]
[Site "China CHN"]
[Date "2016.07.23"]
[Round "8.6"]
[Board "3"]
[White "Wang, Chen"]
[Black "Zhou, Jianchao"]
[Result "0-1"]
[WhiteTitle "IM"]
[BlackTitle "GM"]
[WhiteElo "2514"]
[BlackElo "2612"]
[WhiteTeam "Chongqing"]
[BlackTeam "Shanghai"]
[WhiteFideId "8601020"]
[BlackFideId "8603537"]
[EventDate "2016.04.12"]

1. d4 Nf6 2. Nf3 g6 3. Bf4 Bg7 4. e3 O-O 5. h3 d6 6. Be2 c5 7. c3 Qb6 8. Qb3
cxd4 9. exd4 Be6 10. Qxb6 axb6 11. a3 Na6 12. O-O Nc7 13. Bd3 b5 14. Nbd2 Nfd5
15. Bg3 Nb6 16. Rfc1 Bd5 17. Rc2 Bh6 18. b3 Rfc8 19. c4 Bc6 20. Be4 Bxe4 21.
Nxe4 Ncd5 22. Ned2 bxc4 23. bxc4 Ra4 24. Rac1 Nf4 25. Bxf4 Bxf4 26. Rb1 Nxc4 27.
Rxb7 Kf8 28. g3 Bxd2 29. Nxd2 d5 30. Rd7 Ra5 31. Nf3 Ke8 32. Rb7 Rxa3 33. Ne5
Raa8 34. Nd3 Nd6 35. Rxc8+ Rxc8 36. Ra7 Nb5 37. Ra5 Rb8 38. Nb4 e6 39. Nc6 Rc8
40. Ra6 f6 41. Rb6 Kd7 42. Rxb5 Kxc6 43. Rb1 Ra8 44. Kg2 Ra4 45. Re1 Kd6 46. Rd1
h5 47. h4 Rc4 48. Kf3 e5 49. dxe5+ fxe5 50. Ra1 Rc3+ 51. Ke2 e4 52. Ra8 Ke5 53.
Re8+ Kd4 54. Re6 Rc2+ 55. Kf1 Kc3 56. Rxg6 d4 57. Rc6+ Kd2 58. Re6 d3 59. Rxe4
Rc1+ 60. Kg2 Kc3 61. Re8 d2 62. Rc8+ Kb4 63. Rd8 0-1

[Event "TCh-CHN 2016"]
[Site "China CHN"]
[Date "2016.07.23"]
[Round "8.6"]
[Board "4"]
[White "Ju, Wenjun"]
[Black "Tan, Zhongyi"]
[Result "1/2-1/2"]
[WhiteTitle "GM"]
[BlackTitle "WGM"]
[WhiteElo "2568"]
[BlackElo "2518"]
[WhiteTeam "Shanghai"]
[BlackTeam "Chongqing"]
[WhiteFideId "8603006"]
[BlackFideId "8603642"]
[EventDate "2016.04.12"]

1. c4 e6 2. Nc3 d5 3. d4 Be7 4. Nf3 Nf6 5. Bg5 h6 6. Bh4 O-O 7. e3 Ne4 8. Bxe7
Qxe7 9. Rc1 Nxc3 10. Rxc3 c6 11. h4 Nd7 12. g4 e5 13. cxd5 cxd5 14. g5 g6 15.
Nd2 e4 16. f4 h5 17. Nb3 Rd8 18. Qc2 Nf8 19. Nc5 Bg4 20. Qb3 Rac8 21. Kd2 b6 22.
Na4 Qd6 23. Qa3 Qd7 24. Rxc8 Rxc8 25. Nc3 Ne6 26. Ba6 Rd8 27. Rc1 Ng7 28. Bb5
Qb7 29. Ba6 Qd7 30. Bb5 Qb7 31. Ba6 Qd7 1/2-1/2

[Event "TCh-CHN 2016"]
[Site "China CHN"]
[Date "2016.07.23"]
[Round "8.6"]
[Board "5"]
[White "Zhang, Xiaowen"]
[Black "Lei, Tingjie"]
[Result "1/2-1/2"]
[WhiteTitle "WGM"]
[BlackTitle "WGM"]
[WhiteElo "2374"]
[BlackElo "2504"]
[WhiteTeam "Shanghai"]
[BlackTeam "Chongqing"]
[WhiteFideId "8603219"]
[BlackFideId "8605114"]
[EventDate "2016.04.12"]

1. e4 e5 2. Nf3 Nf6 3. Nxe5 d6 4. Nf3 Nxe4 5. d4 d5 6. Bd3 Nc6 7. O-O Be7 8.
Nbd2 Nxd2 9. Bxd2 Bg4 10. c3 O-O 11. h3 Bh5 12. g3 Qd7 13. Kg2 Bg6 14. Ne1 Rae8
15. Qg4 Qxg4 16. hxg4 Bd6 17. Bxg6 fxg6 18. Nd3 Nd8 19. Rae1 Rxe1 20. Rxe1 Kf7
21. Bf4 Bxf4 22. Nxf4 c6 23. Nd3 Re8 24. Rxe8 Kxe8 25. Ne5 Nf7 26. f4 Nd6 27.
Kf3 Ke7 28. g5 Ke6 29. g4 Ke7 30. Ke3 Ke6 31. Kf3 Ke7 32. Ke3 Ke6 33. Kf3 Ke7 1/2-1/2